| 000 | 00476nam a2200133Ia 4500 | ||
|---|---|---|---|
| 008 | 250506s9999 xx 000 0 und d | ||
| 024 | _a98A-12-EE, 98A-31-EE, 98A-30-EE & 98A-11-EE | ||
| 082 | _a621.38928072 MUH | ||
| 100 | _aMuhammed Irfan Nadeem, Mohammed Athar Shaikh, Zeeshan Zafar & Syed Farhan Anjum | ||
| 245 | 0 | _aMicrocontroller Based Security System | |
| 260 |
_aKarachi: _bUIT, _c1998 |
||
| 600 | _aElectronic Engineering | ||
| 650 | _aBachelor of Engineering (BE) | ||
| 999 |
_c27910 _d27910 |
||